000
00314nam a2200133Ia 4500
008
191201s2010 xx 000 0 und d
100
_a
JAIN,T R
245
0
_a
Basics of economics and management
250
_a
Rep
260
_c
2010
_b
V k publication
_a
N. delhi
300
_a
295
650
_a
MBA
942
_2
ddc
_c
BB
999
_c
7318
_d
7318